000 00484nam a22001697a 4500
999 _c62258
_d62258
005 20240906154901.0
008 240906c2006 enk||||| |||| 00| 0 eng d
022 _a0017 8322
041 _aeng
245 _aHastings Law Journal :
_b2006 /
_cEditor R. Lockard.
260 _aCalifornia,
_c 2006.
300 _aV.
653 _aსამართალი
653 _aპერიოდიკა
700 _a Lockard, R.
_eრედაქტორი
_923173
942 _2udc
_cCR